000 00587nam a2200217Ia 4500
005 20250923150255.0
008 008 250917s9999 xx 000 0 eng d
037 _aTextual
040 _aDSWL
_beng
_cDSWL
041 _aeng
_2eng
084 _aY;65-x7, P9
_qDSWL
100 _aHill, M
_9844156
245 0 _aUnderstanding social policy
_cby M Hill
260 _aUK
_bWiley Blackwell
_c2009
300 _a293 p.
365 _aINR
_b2564 . 0
650 _a Z IRVING
_9844157
925 _g2564 . 0
942 _cTEXL
_hY;65-x7, P9
999 _c1461544
_d1461544